FIFA World Cup Heartbreak: The XXI Century Finalists Who Fell Short - Statistics

General Stats
  • This quiz has been taken 30 times
  • The average score is 36 of 72
Answer Stats
Hint Answer % Correct
Brazil 2014 Lionel Messi
96%
Qatar 2022 Kylian Mbappé
93%
Russia 2018 Luka Modrić
93%
Qatar 2022 Hugo Lloris
89%
Russia 2018 Mario Mandžukić
89%
Germany 2006 Zinedine Zidane
89%
Qatar 2022 Didier Deschamps
85%
Brazil 2014 Gonzalo Higuaín
85%
Qatar 2022 Theo Hernández
85%
Germany 2006 Thierry Henry
85%
Qatar 2022 Antoine Griezmann
81%
Russia 2018 Ivan Perišić
81%
South Africa 2010 Arjen Robben
78%
Germany 2006 Fabien Barthez
78%
South Africa 2010 Robin van Persie
78%
South Africa 2010 Wesley Sneijder
78%
Qatar 2022 Olivier Giroud
74%
Qatar 2022 Ousmane Dembélé
74%
Germany 2006 Lilian Thuram
70%
Qatar 2022 Dayot Upamecano
67%
Russia 2018 Ivan Rakitić
67%
Brazil 2014 Javier Mascherano
67%
South Africa 2010 Nigel de Jong
67%
Qatar 2022 Raphaël Varane
67%
Korea-Japan 2002 Miroslav Klose
63%
Germany 2006 Claude Makélélé
59%
South Africa 2010 Giovanni van Bronckhorst
59%
Brazil 2014 Sergio Romero
59%
Russia 2018 Domagoj Vida
56%
Germany 2006 Franck Ribéry
56%
Qatar 2022 Jules Koundé
56%
Qatar 2022 Adrien Rabiot
52%
Russia 2018 Dejan Lovren
52%
South Africa 2010 Mark van Bommel
52%
Russia 2018 Danijel Subašić
48%
Russia 2018 Marcelo Brozović
48%
Brazil 2014 Pablo Zabaleta
48%
Brazil 2014 Marcos Rojo
44%
Brazil 2014 Martín Demichelis
44%
Korea-Japan 2002 Oliver Khan
44%
Germany 2006 Patrick Vieira
44%
South Africa 2010 Maarten Stekelenburg
41%
Korea-Japan 2002 Rudi Völler
41%
Russia 2018 Ante Rebić
37%
South Africa 2010 Dirk Kuyt
37%
Germany 2006 Florent Malouda
37%
South Africa 2010 Johnny Heitinga
37%
Brazil 2014 Lucas Biglia
37%
Germany 2006 William Gallas
37%
Germany 2006 Eric Abidal
33%
Brazil 2014 Ezequiel Lavezzi
33%
Germany 2006 Willy Sagnol
33%
Germany 2006 Raymond Domenech
30%
Russia 2018 Šime Vrsaljko
30%
Korea-Japan 2002 Torsten Frings
30%
Korea-Japan 2002 Christop Metzelder
26%
Korea-Japan 2002 Dietmar Hamann
26%
Brazil 2014 Enzo Pérez
26%
Brazil 2014 Alejandro Sabella
22%
Russia 2018 Zlatko Dalić
22%
Korea-Japan 2002 Bernd Schneider
19%
Korea-Japan 2002 Christian Ziege
19%
Brazil 2014 Ezequiel Garay
19%
South Africa 2010 Gregory van der Wiel
19%
South Africa 2010 Joris Mathijsen
19%
Korea-Japan 2002 Thomas Linke
19%
Russia 2018 Ivan Strinić
15%
Korea-Japan 2002 Carsten Ramelow
11%
Korea-Japan 2002 Jens Jeremies
11%
Korea-Japan 2002 Marco Bode
11%
South Africa 2010 Bert van Marwijk
7%
Qatar 2022 Aurélien Tchuaméni
4%
No matching quizzes found
Score Distribution
Percent of People with Each Score
Percentile by Number Answered
Your Score History
You have not taken this quiz